00530nam a2200193 a 4500001001300000003000900013005001700022008004100039020001000080082001600090100002100106245006900127260004400196300000900240500003500249505001500284650001600299700002100315nice12345678IN_TiNIC20260116012337.0050524s1991 dela grp 000 0 eng  ac19500a340.59bJAF aJaffur Shureef,  aQanoon-I-Islam; Or the Customs of the Mussulmans of India Vol.Ii aDelhibAsian Educational Servicesc1991 a296p aincludes index and biblioraphy2 aReferences aIslamic-Law1 aJaffur Shureef,